The Bond Girls (Bond, James Bond) - Statistics

General Stats
  • This quiz has been taken 406 times
    396 since last reset
  • The average score is 7 of 10
Answer Stats
Hint Answer % Correct
Die Another Day: Jinx Halle Berry
91%
Dr. No: Honey Rider Ursula Andress
81%
The World is not Enough: Dr. Christmas Jones Denise Richards
78%
Live and Let Die: Solitaire Jane Seymour
77%
Goldinger: Pussy Galore Honor Blackman
71%
Octopussy: Octopussy Maud Adams
63%
Tomorrow Never Dies: Paris Carver Teri Hatcher
59%
The Spy Who Loved Me: Anya Amasova Barbara Bach
58%
The Man With The Golden Gun: Mary Goodnight Britt Ekland
58%
Diamonds Are Forever: Tiffany Case Jill St. John
57%
No matching quizzes found
Score Distribution
Percent of People with Each Score
Percentile by Number Answered
Your Score History
You have not taken this quiz since the last reset